Dead By Daylight | Name The Killer By Their Perks - Statistics

General Stats
  • This quiz has been taken 73 times
    51 since last reset
  • The average score is 35 of 39
Answer Stats
Hint Answer % Correct
BamboozleCoulrophobia Pop Goes The Weasel The Clown
100%
A Nurse's CallingStridor Thanatophobia The Nurse
100%
Grim EmbraceHex: Pentimento Scourge Hook: Pain Resonance The Artist
94%
Dragon's GripHex: Blood Favor Hex: Undying The Blight
94%
Barbecue & ChiliFranklin's Demise Knock Out The Cannibal/Leatherface/Bubba Sawyer
94%
DeadlockHex: Plaything Scourge Hook: Gift of Pain The Cenobite/Pinhead
94%
EruptionHysteria Lethal Pursuer The Nemesis
94%
I'm All EarsFurtive Chase Thrilling Tremors The Ghost Face/Danny Johnson
91%
EnduringLightborn Tinkerer The Hillbilly
91%
Beast of PreyHex: Huntress Lullaby Territorial Imperative The Huntress
91%
Awakened AwarenessSuperior Anatomy Terminus The Mastermind/Albert Wesker
91%
Blood WardenFired Up Remember Me The Nightmare/Freddy Krueger
91%
Blood EchoNemesis Zanshin Tactics The Oni
91%
Call of BrineMerciless Storm Scourge Hook: Floods of Rage The Onryo/Sadako Yamamura
91%
Dying LightPlay With Your Food Save The Best For Last The Shape/Michael Myers
91%
Coup de GraceHoarder Oppression The Twins
91%
BloodhoundPredator Shadowborn The Wraith
91%
Alien InstinctRapid Brutality Ultimate Weapon The Xenomorph/Alien
91%
Dead Man's SwitchGearhead Hex: Retribution The Deathslinger
89%
Cruel LimitsMindbreaker Surge The Demogorgon
89%
Monitor & AbuseOvercharge
Overwhelming Presence
The Doctor
89%
Batteries IncludedFriends 'Til The End Hex: Two Can Play The Good Guy/Chucky
89%
Hex: Devour HopeHex: Ruin Hex: The Third Seal The Hag
89%
DiscordanceIron Maiden Mad Grit The Legion
89%
Hangman's TrickMake Your Choice Surveillance The Pig/Amanda Young
89%
Hex: Haunted GroundRancor Spirit Fury The Spirit
89%
AgitationBrutal Strength Unnerving Presence The Trapper
89%
Hex: Crowd ControlNo Way Out Starstruck The Trickster
89%
Darkness RevealedDissolution
Septic Touch
The Dredge
86%
DeathboundForced Penance Trail Of Torment The Executioner/Pyramid Head
86%
All-Shaking ThunderNo Quarter Scourge Hook: Jagged Compass The Houndmaster
86%
Hex: Face The DarknessHubris Nowhere To Hide The Knight
86%
Corrupt InterventionDark Devotion Infectious Fright The Plague
86%
Game AfootLeverage THWACK! The Skull Merchant
86%
UnboundUndone Unforeseen The Unknown
86%
Dark ArroganceLanguid Touch
Weave Attunement
The Lich/Vecna
83%
DominanceHex: Wretched Fate Human Greed The Dark Lord/Dracula
80%
Forced HesitationGenetic Limits Machine Learning The Singularity
77%
Forever EntwinedHex: Nothing But Misery None Are Free The Ghoul/Ken Kaneki
74%
No matching quizzes found
Score Distribution
Percent of People with Each Score
Percentile by Number Answered
Your Score History
You have not taken this quiz since the last reset